1711 1067 1319 1499 1095 1321 1912 1811 1109 1351 1320 1413 1795 1921 1381 1067 1502 1878 1644 1907 1866 1347 1864 1389 1951 1824 1784 1963 1776 1691 1229 1249 1893 1552 1504 1275 1686 1146 1780 1523 1275 1001 1583 1637 1847 1515 1085 1807 1891 1515 1817 1763 1412 1052 1444 1924 1922 1778 1888 1863 1744 1811 1141 1808 1976 1427 1112 1296 1098 1717 1924 1262 1565 1350 1456 1187 1590 1028 1615 1764 1157 1384 1380 1795 1028 1021 1152 1798 1324 1169 1359 1979 1353 1681 1843 1559 1635 1270 1622 BCNSPRNW ULIB Ver.6.0+V

เปลี่ยนเป็นภาษาไทย

Change to English
 แสดงรายละเอียดบรรณานุกรม
  กลับหน้าหลัก

Brief Record : Get Marc (ISO 2709) : E-mail record : QR code < ปิดหน้าต่าง
LEADER : 00000nam 2200000uu 4500
001    13399110762
003     ULIB
008    110608s2551||||th 000 0 tha d
020    9789749508817
060 04 WS105.5.F2^bช541ร 2551
100 0  คิวโทกุ, ชิเงโมริ
245 10 โรคแม่ทำ /^cโดย ชิเงโมริ คิวโทกุ ; แปล/เรียบเรียงโดย สมอาจ วงษ์ขมทอง
250    พิมพ์ครั้งที่ 12
260    กรุงเทพฯ :^bหมอชาวบ้าน,^c2551
300    163 หน้า :^bภาพประกอบ
650  2 Family Relations
650  2 Parent-Child Relations
700 00 สมอาจ วงษ์ขมทอง,^eผู้แปล
945    ^p130^l0^i026380
945    ^p130^l0^i024144
945    ^p130^l0^i026381
995    ทศพร
999 ^a ใช้งานได้ทุกระบบ
รายการนี้ยังไม่มีแท็ก
คุณยังไม่ได้ล็อกอิน คุณสามารถมีกิจกรรมร่วมกับเว็บไซต์ได้ แต่ต้องล็อกอินก่อน ::
  ล็อกอิน

รายการสื่อสารสนเทศ

ลำดับที่ ประเภท เลขเรียก/บาร์โค้ด สถานที่ สถานะ
- ไม่พบข้อมูล -

รายการใกล้เคียง
    ผู้แต่ง [คิวโทกุ, ชิเงโมริ]

    หัวเรื่อง [Family Relations]
    หัวเรื่อง [Parent-Child Relations]

BibComment


ยังไม่เคยถูกคอมเมนท์

คอมเมนท์ทรัพยากรรายการนี้
  คอมเมนท์: โรคแม่ทำ โดย ชิเ..


 Copyright 2026. Bcnsprnw @Library